000 00339nam a2200121Ia 4500
008 231228s1994 xx 000 0 und d
041 _aeng
082 _a658.15
_bDRE
100 _aDREW (Stephen) (A.W.)
245 _aBusiness Re-engineering in Financial Services
260 _aLondon
_bPitman Publication London
_c1994
300 _aVI,299
999 _c1085745
_d1085745